Paměti pana vikáře Šedého
| Main Author: | |
|---|---|
| Format: | Print Book |
| Language: | Czech |
| Subito Delivery Service: | Order now. |
| Check availability: | HBZ Gateway |
| WorldCat: | WorldCat |
| Interlibrary Loan: | Interlibrary Loan for the Fachinformationsdienste (Specialized Information Services in Germany) |
| Published: |
Benešov
EMAN
2008
|
| In: | Year: 2008 |
| Edition: | 1. vyd |
| Standardized Subjects / Keyword chains: | B
Šedý, Rudolf 1873-1970
|
| Further subjects: | B
Autobiography
B Českobratrská Církev Evangelická Clergy Biography B Šedý, Rudolf <1873-1970> |
| Online Access: |
Table of Contents |
MARC
| LEADER | 00000cam a2200000 c 4500 | ||
|---|---|---|---|
| 001 | 583891969 | ||
| 003 | DE-627 | ||
| 005 | 20251223220126.0 | ||
| 007 | tu | ||
| 008 | 081029s2008 xr ||||| 00| ||cze c | ||
| 020 | |a 9788086211640 |9 978-80-86211-64-0 | ||
| 035 | |a (DE-627)583891969 | ||
| 035 | |a (DE-576)9583891967 | ||
| 035 | |a (DE-599)GBV583891969 | ||
| 035 | |a (OCoLC)277831603 | ||
| 035 | |a (DE-604)BV035236336 | ||
| 040 | |a DE-627 |b ger |c DE-627 |e rakwb | ||
| 041 | |a cze | ||
| 044 | |c XA-CZ | ||
| 050 | 0 | |a BX8593.S43 | |
| 082 | 0 | |a 200.9 |q DE-604 |2 22/ger | |
| 084 | |a 1 |2 ssgn | ||
| 084 | |a 15.61 |2 bkl | ||
| 100 | 1 | |0 (DE-588)137033117 |0 (DE-627)694838608 |0 (DE-576)301515719 |4 aut |a Šedý, Rudolf |d 1873-1970 | |
| 109 | |a Šedý, Rudolf 1873-1970 | ||
| 245 | 1 | 0 | |a Paměti pana vikáře Šedého |c Rudolf Šedý |
| 250 | |a 1. vyd | ||
| 264 | 1 | |a Benešov |b EMAN |c 2008 | |
| 300 | |a 351 S |b zahlr. Ill | ||
| 336 | |a Text |b txt |2 rdacontent | ||
| 337 | |a ohne Hilfsmittel zu benutzen |b n |2 rdamedia | ||
| 338 | |a Band |b nc |2 rdacarrier | ||
| 600 | 1 | 4 | |a Šedý, Rudolf <1873-1970> |
| 610 | 2 | 4 | |a Českobratrská Církev Evangelická |x Clergy |x Biography |
| 655 | 7 | |a Autobiografie |0 (DE-588)4003939-0 |0 (DE-627)106388258 |0 (DE-576)208853251 |2 gnd-content | |
| 689 | 0 | 0 | |d p |0 (DE-588)137033117 |0 (DE-627)694838608 |0 (DE-576)301515719 |2 gnd |a Šedý, Rudolf |d 1873-1970 |
| 689 | 0 | |5 DE-101 | |
| 689 | 1 | 0 | |d p |0 (DE-588)137033117 |0 (DE-627)694838608 |0 (DE-576)301515719 |2 gnd |a Šedý, Rudolf |d 1873-1970 |
| 689 | 1 | |5 (DE-627) | |
| 856 | 4 | 2 | |u http://bvbr.bib-bvb.de:8991/F?func=service&doc_library=BVB01&local_base=BVB01&doc_number=017042186&sequence=000002&line_number=0001&func_code=DB_RECORDS&service_type=MEDIA |3 Inhaltsverzeichnis |7 1 |
| 889 | |w (DE-627)1724219022 | ||
| 935 | |a mteo | ||
| 936 | b | k | |a 15.61 |j Tschechien |j Slowakei |j Ungarn |x Geschichte |0 (DE-627)181570068 |
| 951 | |a BO | ||
| ELC | |b 1 | ||
| LOK | |0 000 xxxxxcx a22 zn 4500 | ||
| LOK | |0 001 3722965837 | ||
| LOK | |0 003 DE-627 | ||
| LOK | |0 004 583891969 | ||
| LOK | |0 005 20230421204241 | ||
| LOK | |0 008 200710||||||||||||||||ger||||||| | ||
| LOK | |0 035 |a (DE-Tue135)BVBBV035236336 | ||
| LOK | |0 040 |a DE-Tue135 |c DE-627 |d DE-Tue135 | ||
| LOK | |0 092 |o n | ||
| LOK | |0 852 |a DE-Tue135 | ||
| LOK | |0 852 1 |9 00 | ||
| LOK | |0 935 |a bsbo | ||
| LOK | |0 939 |a 10-07-20 |b l01 | ||
| ORI | |a SA-MARC-ixtheoa001.raw | ||
| REL | |a 1 | ||
| SUB | |a REL | ||
| SYB | 0 | 0 | |a Evangelische Kirche der Böhmischen Brüder,EKBB,Kirche der Böhmischen Brüder |